000 00521nam a2200169Ia 4500
008 190805s9999||||xx |||||||||||||| ||und||
020 _a1870077873
_c£ 95.00
082 0 4 _a623.8171
_bC5471
100 1 _aClark, I. C.
245 1 0 _aStability Trim and Strength for Merchant Ships and Fishing Vessels /
_cI. C. Clark
250 _a2nd ed.
260 _aLondon :
_bThe Nautical Institute,
_c2008
300 _ax, 430 p.
_b : col. Ill.
_c; 30 cm.
650 0 _aStability of ships
942 _cRT
999 _c137
_d137